[Event "Zaragoza Province-ch Primera"]
[Site "Zaragoza"]
[Date "2015.10.25"]
[Round "4"]
[White "Sanchez Diaz, Vicente"]
[Black "Miranda Blasco, Fernando"]
[Result "0-1"]
[WhiteElo "1683"]
[BlackElo "1644"]
[PlyCount "54"]
[EventDate "2015.09.27"]
[EventType "swiss"]
[EventRounds "6"]
[EventCountry "ESP"]
[SourceTitle "CBM 170 Extra"]
[Source "ChessBase"]
[SourceDate "2016.02.25"]
[SourceVersion "1"]
[SourceVersionDate "2016.02.25"]
[SourceQuality "1"]

1. c4 c6 2. d4 d5 3. b3 Nf6 4. Nf3 e6 5. Bf4 Bb4+ 6. Nbd2 c5 7. a3 Ba5 8. e3 cxd4 9. Nxd4 Bc3 10. Rb1 Ne4 11. N4f3 Bxd2+ 12. Nxd2 Nc3 13. Qc2 Nxb1 14. Qxb1 Nc6 15. Bd3 dxc4 16. Nxc4 e5 17. Nxe5 Nxe5 18. Bxe5 Qa5+ 19. b4 Qxe5 20. 0-0 h6 21. Rd1 0-0 22. Bc2 Be6 23. Rd4 Rad8 24. Rh4 Qf6 25. Rh5 Rd7 26. f4 Qc3 27. Qe1 Qxc2 0-1

[Event "Zaragoza Primavera op 2nd"]
[Site "Zaragoza"]
[Date "2014.06.15"]
[Round "7"]
[White "Miranda Blasco, Fernando"]
[Black "Sanchez Perez, Carlos"]
[Result "0-1"]
[WhiteElo "1850"]
[BlackElo "1715"]
[PlyCount "113"]
[EventDate "2014.04.27"]
[EventType "swiss"]
[EventRounds "9"]
[EventCountry "ESP"]
[SourceTitle "CBM 160 Extra"]
[Source "ChessBase"]
[SourceDate "2014.07.01"]
[SourceVersion "1"]
[SourceVersionDate "2014.07.01"]
[SourceQuality "1"]

1. e4 d6 2. d4 g6 3. Nf3 Bg7 4. Nc3 Nf6 5. Be2 0-0 6. Bg5 h6 7. Be3 Nbd7 8. h3 e5 9. d5 a6 10. Qd2 Kh7 11. g4 Ng8 12. g5 h5 13. 0-0-0 b5 14. Rdf1 Nb6 15. b3 Bb7 16. Nh4 Ne7 17. f4 exf4 18. Bd4 c5 19. Bxg7 Kxg7 20. Qxf4 Nd7 21. Qxd6 Nc8 22. Qf4 Qa5 23. Kb2 c4 24. Nb1 Ncb6 25. Qd2 b4 26. c3 bxc3+ 27. Qxc3+ Qxc3+ 28. Nxc3 cxb3 29. axb3 Ne5 30. Nf3 Rfe8 31. Nxe5 Rxe5 32. Rf4 Rxg5 33. Rhf1 Rf8 34. Bc4 Bc8 35. h4 Rg2+ 36. Ka3 Rc2 37. R1f3 Bg4 38. Re3 Rc8 39. Kb4 a5+ 40. Kb5 Nxc4 41. bxc4 Rb2+ 42. Ka4 Rxc4+ 43. Ka3 Rd2 44. e5 Rcd4 45. d6 Be6 46. Re2 R2d3 47. Kb2 Rc4 48. Ne4 a4 49. Ng5 a3+ 50. Ka1 Rb4 51. Nxe6+ fxe6 52. Rf6 Rxd6 53. Rxg6+ Kxg6 54. exd6 Kf5 55. Rd2 Rb8 56. Ka2 Rd8 57. d7 0-1

[Event "Zaragoza Primavera op 2nd"]
[Site "Zaragoza"]
[Date "2014.06.08"]
[Round "6"]
[White "Fernandez Sierra, Pedro Jose"]
[Black "Miranda Blasco, Fernando"]
[Result "1-0"]
[WhiteElo "1702"]
[BlackElo "1850"]
[PlyCount "43"]
[EventDate "2014.04.27"]
[EventType "swiss"]
[EventRounds "9"]
[EventCountry "ESP"]
[SourceTitle "CBM 160 Extra"]
[Source "ChessBase"]
[SourceDate "2014.07.01"]
[SourceVersion "1"]
[SourceVersionDate "2014.07.01"]
[SourceQuality "1"]

1. e4 c6 2. d4 d5 3. e5 Bf5 4. Ne2 e6 5. Ng3 Bg6 6. h4 h6 7. h5 Bh7 8. Bd3 Bxd3 9. Qxd3 c5 10. c3 Nc6 11. f4 cxd4 12. cxd4 Qb6 13. Ne2 Rc8 14. a3 Nxd4 15. Nbc3 Nxe2 16. Kxe2 Ne7 17. Be3 Qxb2+ 18. Bd2 Qb6 19. Rab1 Qc7 20. Nb5 Qb8 21. Nd6+ Kd7 22. Rxb7+ 1-0